000 00828nam a2200205Ia 4500
003 OSt
005 20241009131732.0
007 ca aa aaaaa
008 201103s9999 xx 000 0 und d
040 _cSSBUL
041 _abur
082 _223
_a၂၉၄.၃၄၃၄ လှ
_b၉၃၄၇ S-SAT
100 0 _aလှသိန်း၊ ဦး၊ ဆရာ(သာသနဟိတဓရ)
_917420
245 1 0 _aဒါနကထာ /
_cဆရာဦးလှသိန်း(သာသနဟိတဓရ)။
260 _aမန္တလေး ၊
_bချစ်ညိုစာပုံနှိပ်တိုက်၊
_c၁၉၆၈။
300 _a၁၉၈ စာမျက်နှာ ၊
_c၁၉ စင်တီ။
500 _aS-SAT: Dr. Sai Aung Tun
650 _aဗုဒ္ဓဘာသာ
_xဒါန
942 _2ddc
_cBK1
999 _c16858
_d16858